MDQL
is popping MORE tags! Check the
thread
!
Quizzes
Events
Quiz Creation
Community
Videos
Private Events
Remove Ads
Sign In
Join for FREE
Feedback
Dark Mode
Quiz Categories
Sports
Geography
Music
Movies
Television
Just For Fun
Miscellaneous
History
Literature
Language
Science
Gaming
Entertainment
Religion
Holiday
For Kids
Quiz Lab
Recent
Popular Today
Quiz Kudos Today
Editor Picks
Curator Picks
Quizzes by...
Day
Popularity
Type
Ratings
Length
Year
Community
Subscriptions
Recent Discussions
Orange Saloon
Badges
Playlists
Quests
Create
Leaderboards
Showdown
Live 5
Trivia Bingo
Activity
Puzzle Library
Sporcle Events
Private Events
Virtual Trivia
Globe League
Become a Host
Pub Owners
SporcleCon
Opinionation
Our Games
Videos
Blog
Mobile Apps
Partnerships
Remove Ads and Go Orange
Feedback
Music
Pop Music
The Beatles
Song
Album
Lyrics
Bands
Singers
Artist
Clip
Rock
Rap
Classical
Billboard
Country Music
Kpop
Taylor Swift
Music
Pop Music
The Beatles
Song
Album
Lyrics
Bands
Singers
Artist
Clip
Rock
Rap
Classical
Billboard
Country Music
Kpop
Taylor Swift
Random Quiz
Search Sporcle
×
Quiz Lab
Quiz Lab
Music
Coheed
Type in answers that appear in a list
Type in answers that appear in a list
Classic
Best Score? Go Orange.
Coheed and Cambria Songs Stats
Can you name the Coheed and Cambria Songs?
By
America
10m
79 Questions
187 Plays
187 Plays
187 Plays
Comments
Comments
Give Quiz Kudos
Give Quiz Kudos
-
- Ratings
hide this ad
Replay
Link that replays current quiz
Next Quiz
Link to next quiz in quiz playlist
You Got
0%
They Got
Avg Score
75%
Avg Friend Score
Upgrade to see
Score Distribution
Jump to the score distribution portion of the page
Score
0/79
Timer
10:00
0
Plays Today
Album
song
% Correct
Good Apollo I'm Burning Star IV: Volume I: From Fear Through the Eyes of Madness
Welcome Home
92%
In Keeping Secrets of Silent Earth: 3
In Keeping Secrets of Silent Earth: 3
91.4%
In Keeping Secrets of Silent Earth: 3
A Favor House Atlantic
88.2%
The Second Stage Turbine Blade
The Second Stage Turbine Blade
87.7%
Afterman: Ascension
The Afterman
86.6%
In Keeping Secrets of Silent Earth: 3
The Velourium Camper III: Al the Killer
86.1%
In Keeping Secrets of Silent Earth: 3
The Crowing
85.6%
Good Apollo I'm Burning Star IV: Volume II: No World For Tomorrow
No World For Tomorrow
85.6%
Good Apollo I'm Burning Star IV: Volume I: From Fear Through the Eyes of Madness
The Suffering
85%
Afterman: Ascension
Key Entity Extraction I: Domino the Destitute
85%
The Second Stage Turbine Blade
Time Consumer
84.5%
The Second Stage Turbine Blade
Devil in Jersey City
84%
In Keeping Secrets of Silent Earth: 3
Blood Red Summer
83.4%
In Keeping Secrets of Silent Earth: 3
The Velourium Camper I: Faint of Hearts
83.4%
Afterman: Ascension
Key Entity Extraction III: Vic the Butcher
83.4%
Year of the Black Rainbow
Here We Are Juggernaut
82.9%
The Second Stage Turbine Blade
Everything Evil
82.4%
The Second Stage Turbine Blade
Delirium Trigger
81.3%
The Second Stage Turbine Blade
33
81.3%
Good Apollo I'm Burning Star IV: Volume I: From Fear Through the Eyes of Madness
Ten Speed (Of God's Blood and Burial)
81.3%
Good Apollo I'm Burning Star IV: Volume I: From Fear Through the Eyes of Madness
Keeping the Blade
80.7%
Afterman: Descension
Key Entity Extraction V: Sentry the Defiant
80.7%
Good Apollo I'm Burning Star IV: Volume I: From Fear Through the Eyes of Madness
The Willing Well IV: The Final Cut
80.7%
Good Apollo I'm Burning Star IV: Volume II: No World For Tomorrow
Feathers
80.2%
Afterman: Descension
Number City
80.2%
In Keeping Secrets of Silent Earth: 3
The Ring in Return
79.7%
In Keeping Secrets of Silent Earth: 3
The Light and the Glass
79.7%
In Keeping Secrets of Silent Earth: 3
Three Evils (Embodied in Love and Shadow)
79.1%
Good Apollo I'm Burning Star IV: Volume II: No World For Tomorrow
The End Complete II: Radio Bye Bye
79.1%
Good Apollo I'm Burning Star IV: Volume I: From Fear Through the Eyes of Madness
Always and Never
78.6%
Afterman: Ascension
Key Entity Extraction II: Hollly Wood the Cracked
78.1%
Afterman: Ascension
Key Entity Extraction IV: Evagria the Faithful
78.1%
Good Apollo I'm Burning Star IV: Volume I: From Fear Through the Eyes of Madness
Apollo I: The Writing Writer
77.5%
Good Apollo I'm Burning Star IV: Volume I: From Fear Through the Eyes of Madness
Wake Up
77%
Good Apollo I'm Burning Star IV: Volume II: No World For Tomorrow
The End Complete III: The End Complete
77%
Year of the Black Rainbow
Far
76.5%
Year of the Black Rainbow
The Black Rainbow
76.5%
Afterman: Descension
2's my Favorite 1
75.4%
The Second Stage Turbine Blade
Hearshot Kid Disaster
74.9%
Good Apollo I'm Burning Star IV: Volume I: From Fear Through the Eyes of Madness
The Willing Well II: From Fear Through the Eyes of Madness
74.9%
Album
song
% Correct
The Second Stage Turbine Blade
Neverender
74.3%
In Keeping Secrets of Silent Earth: 3
The Velourium Camper II: Backend of Forever
74.3%
Good Apollo I'm Burning Star IV: Volume II: No World For Tomorrow
The Reaping
73.8%
Good Apollo I'm Burning Star IV: Volume II: No World For Tomorrow
The End Complete I: The Fall of House Atlantic
73.8%
Afterman: Ascension
Subtraction
73.8%
Good Apollo I'm Burning Star IV: Volume II: No World For Tomorrow
Mother Superior
73.3%
Year of the Black Rainbow
One
73.3%
Good Apollo I'm Burning Star IV: Volume II: No World For Tomorrow
Gravemakers and Gunslingers
72.7%
Good Apollo I'm Burning Star IV: Volume II: No World For Tomorrow
The Hound (Of Blood and Rank)
72.2%
Good Apollo I'm Burning Star IV: Volume II: No World For Tomorrow
The Running Free
72.2%
Good Apollo I'm Burning Star IV: Volume II: No World For Tomorrow
The End Complete V: On the Brink
71.7%
The Second Stage Turbine Blade
Junesong Provision
71.1%
Good Apollo I'm Burning Star IV: Volume I: From Fear Through the Eyes of Madness
The Lying Lies and Dirty Secrets of Miss Erica Court
71.1%
Year of the Black Rainbow
Pearl of the Stars
71.1%
Afterman: Descension
Dark Side of Me
71.1%
Afterman: Ascension
Mothers of Men
70.6%
Afterman: Descension
Gravity's Union
70.6%
Good Apollo I'm Burning Star IV: Volume I: From Fear Through the Eyes of Madness
Crossing the Frame
70.1%
Good Apollo I'm Burning Star IV: Volume I: From Fear Through the Eyes of Madness
Mother May I
70.1%
Year of the Black Rainbow
The Broken
70.1%
The Second Stage Turbine Blade
God Send Conspirator
69.5%
Afterman: Ascension
The Hollow
69.5%
Good Apollo I'm Burning Star IV: Volume I: From Fear Through the Eyes of Madness
Once Upon Your Dead Body
69%
Good Apollo I'm Burning Star IV: Volume II: No World For Tomorrow
Justice in Murder
69%
Year of the Black Rainbow
When Skeletons Live
69%
In Keeping Secrets of Silent Earth: 3
Cuts Marked in the March of Men
66.8%
Good Apollo I'm Burning Star IV: Volume II: No World For Tomorrow
The End Complete IV: The Road and the Damned
66.8%
Afterman: Descension
Iron Fist
66.3%
Year of the Black Rainbow
Guns of Summer
65.8%
Afterman: Ascension
Goodnight, Fair Lady
65.8%
Afterman: Descension
Pretelethal
65.8%
Afterman: Descension
Away We Go
65.8%
Afterman: Descension
The Hard Sell
65.2%
Good Apollo I'm Burning Star IV: Volume I: From Fear Through the Eyes of Madness
The Willing Well III: Apollo II: The Telling Truth
63.1%
Year of the Black Rainbow
World of Lines
62.6%
Good Apollo I'm Burning Star IV: Volume I: From Fear Through the Eyes of Madness
The Willing Well I: Fuel for the Feeding End
59.4%
Year of the Black Rainbow
Made Out of Nothing (All That I am)
56.7%
Year of the Black Rainbow
In the Flame of Error
52.4%
Year of the Black Rainbow
This Shattered Symphony
51.9%
Quiz Playlist
Details
Report
Send in Message
Add To Playlist
Classic:
Type in answers that appear in a list
Quiz Source
Last Updated: Feb 16, 2017
Quiz Scoreboard
CHALLENGE
Sign Up to Join the Scoreboard
Show All
Scores
Hide
Comments
May contain spoilers
Recently Published
1-10 Letter E Words III
by El_Dandy
Language
2m
Street Fighter Characters
by Artimus82
Gaming
60s
College Basketball Coaching Resumes
by pancakes188
Sports
9m
More to Explore
Quiz From the Vault
Featured Blog Post
Where Did the Easter Bunny Come From?
hide this ad
You Might Also Like...
Tags
Coheed
Today's Top Quizzes in Music
Browse Music
hide this ad
Top Contributed Quizzes in Music
1
Taylor Swift All Songs (2024)
2
Taylor Swift Logic Puzzle
3
Guess the Artist- 70s Songs
4
7-to-1: Billboard Hot 100 #1 Hits of 2010s
5
Sorting Albums and Songs
6
KPOP LOGIC QUIZ
7
Billboard Blitz: Aretha Franklin
8
Guess the Taylor Swift song (Mystery Song)
9
Guess The Taylor Swift Lyrics Song #1
10
Billboard Blitz: ABBA
Explore More
Trending Topics
Harry Potter
Anime
Crossword
Marvel
Disney
Kpop
NBA
Country
NFL
Soccer
Song
Puzzle
Pokémon
The Office
WWE
hide this ad
More By:
America
Quiz
Plays
Rating
Category
Featured
Created
No Sales Tax States
110,539
4.09
Geography
Oct 7, 2009
2010 World Cup Squad (US)
59,502
4.00
Sports
Dec 5, 2009
Finish the Eye of the Tiger Lyrics
39,915
4.48
Music
Oct 10, 2009
2012 Oscars Critical Contrast
22,652
4.01
Movies
Jan 11, 2013
A Song of Ice and Fire major deaths
18,238
4.44
Literature
Nov 16, 2009
Go to Creator's Profile
Score Distribution
Quiz Creator Spotlight
America
Follow
Send a Message
Quizzes Created
-
Created Quiz Play Count
-
More By This Creator
Popular Quizzes Today
1
Find the US States - No Outlines Minefield
2
Find the Countries of Europe - No Outlines Minefield
3
The Countries of the World
4
Find the US States
5
Risky Map Clicking: Biggest States A-Z
6
US States
7
Popular People in 1961
8
Movies - When Are They Set?
More Music Quizzes
Jackson 5 or Not
Editor's Pick
Trending Quizzes
Risky Map Clicking: Least Populous States A-Z
1-10 Letter G Words
1-10 Letter F Words
Countries of the World: 200 Million BC
Risky Map Clicking: Next State Alphabetically
Recently Updated
Most Oscar Losses (Acting)
pecheneg
Beyoncé Albums
pecheneg
Leaping Animals
pecheneg
Reality TV Shows (A-Z)
bhenderson79
Rickey Henderson's Hall of Fame Teammates
pecheneg
Champions League XIs: Arsenal
pecheneg
Quick Pick: Celebrities in WWE's Hall of Fame
aduchscher
A-Z Keypad Blitz II
pecheneg
Multiple Oscar Actors
pecheneg
Mystery Phrase Blitz: Oscar 'Best Actors'
pecheneg
Trending Topics
Crossword
Disney
NBA
Kpop
Anime
Harry Potter
Marvel
The Office
WWE
Puzzle
Country
Song
Pokémon
NFL
Soccer
Your Account Isn't Verified!
In order to create a playlist on Sporcle, you need to verify the email address you used during registration. Go to your
Sporcle Settings
to finish the process.
Report this User
Report this user for behavior that violates our
Community Guidelines
.
Details:
Send Report
Go to the Sporcle.com Mobile Site →
Comments